000 00887nam a2200265 i 4500
003 DO-SdBNP
005 20230518105228.0
007 ta
008 230518b2000 sp ||||| |||| 00| 0 eng d
020 _a9788484320623
040 _aDO-SdBNP
_bspa
_cBNPHU
_erda
100 _931969
_aBoorstin, Daniel J.,
_d1914-2004
_eautor
_q(Daniel Joseph),
245 1 4 _aLos descubridores /
_cDaniel J. Boorstin ; traducción Susana Litjmaer
264 _aBarcelona :
_bCrítica,
_c2000.
300 _a714 páginas
_c23 cm.
336 _2rdacontent
_atexto
_btxt
337 _2rdamedia
_asin mediación
_bn
338 _2rdacarrier
_avolumen
_bnc
500 _aIncluye índice alfabético
500 _aIncluye datos biográficos del autor en la solapa de la cubierta
590 _aInventariado, 2023/BT
700 1 _aLitjmaer, Susana,
_etraducción
_983414
910 _aBtavárez
942 _2ddc
_cLBS1
999 _c53565
_d53565